Inštitúcie EÚ

Európska rada. Zmluva o Európskej únii (ZEÚ, Maastricht). Zasadnutia Európskej rady. Vzájomné väzby a vzťahy medzi Európskou radou a Radou (ministrov). Rozhodovanie. Pôsobnosť Európskej rady. Politické rozhodnutia. Lisabonská zmluva a Európska rada. Umiestnenie orgánov a útvarov Európskej únie. Inš...

Ausführliche Beschreibung

Gespeichert in:
Bibliographische Detailangaben
1. Verfasser: Tkáč, Vojtech
Format: Buchkapitel
Sprache:Slowakisch
Schlagworte:
Tags: Tag hinzufügen
Keine Tags, Fügen Sie das erste Tag hinzu!

MARC

LEADER 00000naa$a2200000$$$4500
001 0093100
005 20231120113315.5
041 0 |a slo 
044 |a SK 
245 1 0 |a Inštitúcie EÚ  |c Vojtech Tkáč 
520 |a Európska rada. Zmluva o Európskej únii (ZEÚ, Maastricht). Zasadnutia Európskej rady. Vzájomné väzby a vzťahy medzi Európskou radou a Radou (ministrov). Rozhodovanie. Pôsobnosť Európskej rady. Politické rozhodnutia. Lisabonská zmluva a Európska rada. Umiestnenie orgánov a útvarov Európskej únie. Inštitúcie Európskej únie a legislatíva. 
610 2 0 |a inštitúcia 
610 2 0 |a Európska únia 
610 2 0 |a Európska rada 
610 2 0 |a zmluvy 
610 2 0 |a rozhodovanie 
610 2 0 |a legislatíva 
100 1 |a Tkáč, Vojtech